000 00898nam a2200301Ia 4500
001 17558
003 IT-RoPAU
008 130308s9999 xx 000 0 und d
040 _aIT-RoPAU
040 _cIT-RoPAU
041 _aITALIANO
100 _aDoglio Daniele
100 _gCodice Aut. SPICS: 7168
245 _aCrisi e prospettive dei servizi pubblici radiotelevisivi
245 _bVideo Negli Anni 80 (Il)
250 _a1a ed.
260 _aBARI
260 _bDe Donato
260 _c1981 [1° Ed.:1981 - Ed.Ling.Originale:1981]
300 _a"13 p. (prefazione: no ; testo: 13 [pagine: 25-37])"
500 _aPubblico e Privato Diverse Esperienze internazionali Evoluzione delle tecnologie e Funzioni Dello Stato
650 _aPOLITICA DELLA COMUNICAZIONE SOCIALE
650 _eCodice materia Spics: 3803
942 _cBK
957 _71
999 _c43720
_d43720
999 _bSI
999 _g1